00274cam a22000977a 4500008004000000082001200040245004800052260004300100300000700143700002600150180718b1985 xxu||||| |||| 00| 0 eng d aO91 In2 aWorld environmentcby Lok Sabha Secretariat aNew DelhibLok Sabha Secretariatc1985 a-- aLok Sabha Secretariat